000 00650cam a2200253 4500
001 J12139
008 000000n2003 000 0 eng u
035 _a(Sirsi) u121448
041 _aeng
050 _a333.33016
_c18
110 _aInvestment Property Databank
_92288
245 _aIPD UK monthly index - January-February 2003
260 _aLondon
_bIPD
_c2003
300 _a2pt. ; 30cm.
650 _aCAPITAL VALUES
650 _aINDUSTRIAL PROPERTY
650 _aOFFICES
650 _aPROPERTY INDICES
650 _aRENTS
650 _aRETAIL PROPERTY
650 _aYIELDS
690 _aPROPERTY-COMMERCIAL PROPERTY
942 _n0
999 _c102666
_d102666